000
00275 a2200133 4500
001
47822
040
_c
Anchieta - Aquarius
240
1
0
_a
O nascimento de Jesus
_l
por
245
1
0
_a
O nascimento de Jesus
300
_a
23
362
0
_a
1995
650
4
_a
Religião
942
_c
BK
999
_c
47822
_d
47822